| 000 | 00719 a2200229 4500 | ||
|---|---|---|---|
| 005 | 20260327123342.0 | ||
| 008 | 260327b |||||||| |||| 00| 0 eng d | ||
| 020 | _a9789366917177 (pbk) | ||
| 037 | _cTB | ||
| 040 |
_aCRL _cCRL |
||
| 041 |
_2URD _aURD |
||
| 084 |
_aO164,1G07:g 168R5 _bCRL |
||
| 100 |
_aRumi, Maulana Jalauddin _91115179 |
||
| 245 | _aHikayat-e-Rumi | ||
| 260 |
_aDelhi, India: _bArshia Publications, _c2025. |
||
| 300 | _a310p. | ||
| 365 |
_b450.00 _cINR |
||
| 650 | _aPersian Literature | ||
| 650 | _aPersian Poetry | ||
| 942 |
_cTB _2CC _hO164,1G07:g 168R5 |
||
| 999 |
_c1679293 _d1679293 |
||